| 000 | 00527nam a2200217Ia 4500 | ||
|---|---|---|---|
| 003 | LK-CoDNM | ||
| 005 | 20240730151351.0 | ||
| 008 | 010623t1964 xxu||||| |||| 00| 1 eng d | ||
| 040 |
_aLK-CoDNM _dLK-CoDNM _eLK-CoDNM |
||
| 041 | _aeng | ||
| 080 |
_a8 _bJJ41 |
||
| 100 | _aMaguire,R.J. | ||
| 245 | _aHemisphere | ||
| 260 |
_bF.W.Cheshire Melbourne _aSydney _c1964 |
||
| 300 | _b305p. : ill ; 24 cm | ||
| 650 | _aArchaeology | ||
| 650 | _aMalaya | ||
| 650 | _aMuslim Architechture | ||
| 650 | _aPakistan | ||
| 942 | _cBK | ||
| 999 |
_c106512 _d106512 |
||